000 00596nam a2200205Ia 4500
003 GCL
008 140319s9999 xx 000 0 ara d
040 _aGCL /
_cGCL
082 0 4 _a241
_bس ط
245 1 0 _aطريق الايمان :
_bاو الايمان بالله عن طريق الفكر الستنير
260 _aبيروت :
_bدار الكتاب اللبنانى ،
_c1983
300 _a368 ص ؛
_c20 سم
490 _a
650 0 4 _aالاسلام
650 0 4 _aالعلم
650 0 4 _aالله
650 0 4 _aاللاهوت
650 0 4 _aالالوهية
942 _2ddc
_cBK
999 _c54074
_d54074